000 00641nam a2200169Ia 4500
008 090711s9999 xx 000 0 und d
082 _b19500
100 _aकाळे अंताजी दा.
245 _aमाझी कहाणी अथवा कैफीयत
260 _bज्ञानविलास प्रेस
_c1937
300 _a191
600 _aकाळे अंताजी दा.
630 _aमाझी कहाणी अथवा कैफीयत
700 _aकाळे अंताजी दा.
730 _aमाझी कहाणी अथवा कैफीयत
942 _cBOOK
999 _c318140
_d318140